Diseño y verificación del controlador e interfaz de sonido para el proyecto abierto papiGB
Uloženo v:
| Hlavní autor: | |
|---|---|
| Další autoři: | |
| Médium: | Kniha |
| Jazyk: | Spanish |
| Vydáno: |
[San José ], Costa Rica
2016
|
| Témata: | |
| Tagy: |
Přidat tag
Žádné tagy, Buďte první, kdo vytvoří štítek k tomuto záznamu!
|
MARC
| LEADER | 00000nam a22000007a 4500 | ||
|---|---|---|---|
| 003 | 012639 | ||
| 005 | 20231130095836.0 | ||
| 008 | 170928b2016 c a|||| m||| 00| ||spa d | ||
| 040 | |c cru CEDI | ||
| 090 | |a TFG 7790 | ||
| 100 | |a Torres Umaña Marco Antonio, 1992- |9 1935 | ||
| 245 | |a Diseño y verificación del controlador e interfaz de sonido para el proyecto abierto papiGB | ||
| 260 | |a [San José ], Costa Rica |c 2016 | ||
| 300 | |a ix, 53 hojas ; ilustraciones | ||
| 500 | |a "IE-0499 Proyecto eléctrico”, Proyecto de graduación (bachillerato en ingeniería eléctrica)--Universidad de Costa Rica. Facultad de Ingeniería. Escuela de Ingeniería Eléctrica | ||
| 501 | |a Profesor Guía de IE-0499 Proyecto Eléctrico: M.Sc. Diego Valverde Garro | ||
| 650 | |x VERILOG (LENGUAJE PARA DESCRIPCION DE EQUIPO DE COMPUTACION) |x ANALISIS DE SISTEMAS |x REDES ELECTRICAS |x COMUNICACIONES DIGITALES |x PROCESAMIENTO DE SEÑALES |x CONVERTIDORES ANALOGICO - DIGITALES |x CONVERTIDORES DIGITALES-ANALOGICO |9 9975 | ||
| 700 | |a Diego Valverde Garro, 1979- |d Director de Proyecto Eléctrico |9 1185 | ||
| 942 | |c TFG |h TFG 7790 |i 012639 |6 TFG_7790_012639000000000 | ||
| 999 | |c 19039 |d 19039 | ||
